Analizar la implementación de un sistema de evaluación de sostenibilidad para desarrollos urbanísticos en el GAM /
Bewaard in:
| Hoofdauteur: | |
|---|---|
| Formaat: | Boek |
| Taal: | Spanish |
| Gepubliceerd in: |
[San José], Costa Rica
2012
|
| Onderwerpen: | |
| Tags: |
Voeg label toe
Geen labels, Wees de eerste die dit record labelt!
|
MARC
| LEADER | 00000nam a22000007a 4500 | ||
|---|---|---|---|
| 003 | 011599 | ||
| 005 | 20221231143920.0 | ||
| 008 | 151015b2012 cr a|||| |||| 00| 0 spa d | ||
| 040 | |c cru CEDI | ||
| 090 | |a TFG 6770 | ||
| 100 | |9 1555 |a Mora Ramírez, Marisia | ||
| 245 | |a Analizar la implementación de un sistema de evaluación de sostenibilidad para desarrollos urbanísticos en el GAM / | ||
| 260 | |a [San José], Costa Rica |c 2012 | ||
| 500 | |a Proyecto de graduación (licenciatura en ingeniería civil)--Universidad de Costa Rica. Facultad de Ingeniería. Escuela de Ingeniería Civil | ||
| 650 | |x DESARROLLO URBANO SOSTENIBLE |x DESARROLLO URBANO SOSTENIBLE - EVALUACION - GRAN AREA METROPOLITANA (COSTA RICA) |x INGENIERÍA AMBIENTAL |x CONSTRUCCION - ASPECTOS AMBIENTALES - GRAN AREA METROPOLITANA (COSTA RICA) |x EVALUACION DEL IMPACTO AMBIENTAL |9 1556 | ||
| 942 | |c TFG | ||
| 999 | |c 14174 |d 14174 | ||
